| 000 | 00435nam a2200169Ia 4500 | ||
|---|---|---|---|
| 999 |
_c29112 _d29112 |
||
| 003 | 0100 | ||
| 005 | 20180307152654.0 | ||
| 008 | 130303s9999 xx 000 0 und d | ||
| 040 | _cARRUPELIB | ||
| 050 | _aDT958.G79 1976 | ||
| 100 |
_aGreen, Elsa Goodwin _940315 |
||
| 245 | _aRaiders and rebels in South Africa / | ||
| 260 |
_aBulawayo _bBooks of Rhodesia _c1976 |
||
| 300 | _a208p | ||
| 440 |
_aRhodesiana reprint library - silver series n.9 _940316 |
||
| 650 |
_aMatabele war _940298 |
||
| 650 |
_aAfrica, South _xDescription & travel _939414 |
||
| 942 |
_2lcc _cMONOGRAPH |
||